Dalla "fides" alla "bona fides".
Na minha lista:
| Autor principal: | |
|---|---|
| Formato: | Livro |
| Publicado em: |
Milano, Italia:
Dott. A. Giuffrè Editore,
1961.
|
| Colecção: | Fondazione Guglielmo Castelli
|
| Assuntos: | |
| Tags: |
Adicionar Tag
Sem tags, seja o primeiro a adicionar uma tag!
|
MARC
| LEADER | 00000nam a22000007a 4500 | ||
|---|---|---|---|
| 003 | CL-VaPUC | ||
| 005 | 20220822114708.0 | ||
| 008 | 220722t1961 ||||| |||| 00| 0 eng d | ||
| 999 | |c 437432 |d 437430 | ||
| 040 | |c Pontificia Universidad Católica de Valparaíso | ||
| 082 | 7 | |a 340.54 LOM 1961 |2 22 | |
| 100 | 1 | |a Lombardi Vallauri, Luigi |e autore |9 873677 | |
| 245 | |a Dalla "fides" alla "bona fides". | ||
| 260 | |a Milano, Italia: |b Dott. A. Giuffrè Editore, |c 1961. | ||
| 300 | |a 249 páginas. | ||
| 490 | |a Fondazione Guglielmo Castelli |n 28. | ||
| 500 | |a c.1 Donación Familia Prof. Alejandro Guzmán Brito. | ||
| 583 | |c 20220722 |k Catalogador Asistente | ||
| 650 | |a Buena fe |x Derecho romano |9 872715 | ||
| 650 | |a Compraventa |x Derecho romano |9 870014 | ||
| 942 | |2 ddc |c BK |n 0 | ||
| 952 | |0 0 |1 0 |2 ddc |4 0 |6 340_540000000000000_LOM_1961 |7 0 |8 C_AGB |9 585199 |a BIBDER |b BIBDER |d 2022-07-22 |e Donación |i 5653291 |o 340.54 LOM 1961 |p 5653291 |r 2023-01-25 |t 1 |w 2022-07-22 |y BK_US |k AGB | ||